Entre mundos ajenos : encuentro de percepciones de jóvenes pandilleros, ex pandilleros y acompañantes sobre la sociedad guatemalteca /
Saved in:
| Main Author: | |
|---|---|
| Format: | Book |
| Language: | Spanish |
| Published: |
Guatemala :
Facultad Latinoamericana de Ciencias Sociales, FLACSO-Guatemala,
2007.
|
| Series: | Serie Estudios sobre pobreza ;
no. 4. |
| Subjects: | |
| Tags: |
Add Tag
No Tags, Be the first to tag this record!
|
| LEADER | 01347cam a2200349 a 4500 | ||
|---|---|---|---|
| 001 | 012003642-8 | ||
| 005 | 20090731141851.0 | ||
| 008 | 090305s2007 gt b 000 0 spa d | ||
| 010 | |a 2009403475 | ||
| 020 | |a 9789993972532 | ||
| 020 | |a 9993972533 | ||
| 035 | 0 | |a ocn225216531 | |
| 040 | |a TJC |c TJC |d TJC |d CUY |d DLC | ||
| 042 | |a lccopycat | ||
| 043 | |a ncgt--- | ||
| 050 | 0 | 0 | |a HV6439.G92 |b T63 2007 |
| 082 | 0 | 0 | |a 364.106/6083509781 |2 22 |
| 100 | 1 | |a Tobar Estrada, Anneliza. | |
| 245 | 1 | 0 | |a Entre mundos ajenos : |b encuentro de percepciones de jóvenes pandilleros, ex pandilleros y acompañantes sobre la sociedad guatemalteca / |c Anneliza Tobar Estrada. |
| 246 | 3 | 0 | |a Encuentro de percepciones de jóvenes pandilleros, ex pandilleros y acompañantes sobre la sociedad guatemalteca |
| 260 | |a Guatemala : |b Facultad Latinoamericana de Ciencias Sociales, FLACSO-Guatemala, |c 2007. | ||
| 300 | |a 103 p. ; |c 26 cm. | ||
| 490 | 1 | |a Serie Estudios sobre pobreza ; |v no. 4 | |
| 504 | |a Includes bibliographical references (p. 101-103). | ||
| 650 | 0 | |a Gang members |z Guatemala |x Attitudes. | |
| 650 | 0 | |a Youth |z Guatemala |x Attitudes. | |
| 650 | 0 | |a Youth |z Guatemala |x Social conditions. | |
| 651 | 0 | |a Guatemala |x Social conditions. | |
| 650 | 0 | |a Gangs |z Guatemala. | |
| 830 | 0 | |a Serie Estudios sobre pobreza ; |v no. 4. | |
| 988 | |a 20090615 | ||
| 906 | |0 OCLC | ||


